000 01032nam a2200301 a 4500
001 000112228
003 CHAP
005 20220329144251.0
008 160118s2015 mx |sm |||||||spa d
010 _a108689
011 _a109661
040 _cCHAP
090 _aTesis
100 1 _aGarcía Dávila, Fernando
_9130431
245 1 0 _aCultivo intercalado de haba (Vicia faba L.) con cereales de grano pequeño
_h[En línea]
_cpor Fernando García Davila.
260 _aChapingo, Méx. :
_bEl autor,
_c2015.
500 _aPara ver el contenido del material haga clic en la liga
502 _aTesis (Ing. Agr. Esp. en Fitotecnia) -- UACH. Departamento de Fitotecnia
590 _aE5652GLJ
_b05
_c20160118
_lUCH01
_h1014
590 _aE5652GLJ
_b05
_c20160118
_lUCH01
_h1017
650 1 4 _aCultivos asociados.
_930370
650 1 4 _aHaba
_xCultivo.
_9128578
650 1 4 _aHaba
_xRendimiento.
_952122
856 _aFinding aid
_uhttp://10.13.5.2/tesis/sist112228.pdf
_zTeclea aquí
901 _aBK
942 _cTESIS
942 _n0
999 _c108689
_d108689